| 000 | 00906cam a2200229 4500 | ||
|---|---|---|---|
| 001 | L135513 | ||
| 008 | 061103n2006 000 0 eng u | ||
| 020 | _a9780954867485 | ||
| 035 | _a(Sirsi) u135513 | ||
| 041 | 0 | _aeng | |
| 050 | 0 | 4 | _a690.231 $2 18 |
| 110 | 2 |
_aHomebuilding and Renovating Magazine _95221 |
|
| 245 | 0 | 4 | _aThe homebuilding and renovating book of barn conversions |
| 250 | _a2nd ed. | ||
| 260 |
_aCambridgeshire _bOvolo _c2006 |
||
| 300 |
_a297p _bill. _c25cm. |
||
| 350 | _a25 | ||
| 520 | _aContains details of 37 barn conversion projects with full costing and contact details of suppliers and craftsmen for each project. Covers designs which are classic, rustic and contemporary as well as designs for locations from urban to country homes. | ||
| 651 | 4 |
_aUnited Kingdom _y |
|
| 690 | _aBUILT ENVIRONMENT-BUILDING MAINTENANCE AND REFURBISHMENT-BUILDING ADAPTATION | ||
| 942 | _n0 | ||
| 999 |
_c106084 _d106084 |
||